[Event "Wch U20 53rd"]
[Site "Pune"]
[Date "2014.10.16"]
[Round "10"]
[White "Abhijith, M."]
[Black "Manush, Shah"]
[Result "0-1"]
[WhiteElo "2126"]
[BlackElo "2038"]
[PlyCount "102"]
[EventDate "2014.10.06"]
[EventType "swiss"]
[EventRounds "13"]
[EventCountry "IND"]
[SourceTitle "EXT 2015"]
[Source "ChessBase"]
[SourceDate "2014.11.20"]
[SourceVersion "1"]
[SourceVersionDate "2014.11.20"]
[SourceQuality "1"]

1. e4 c6 2. Nf3 d5 3. Nc3 Bg4 4. h3 Bxf3 5. Qxf3 e6 6. d3 Nd7 7. Bf4 d4 8. Ne2 e5 9. Bd2 Qb6 10. Rb1 Ngf6 11. g4 g6 12. Bg2 Be7 13. 0-0 h5 14. g5 Nh7 15. h4 f6 16. Qg3 fxg5 17. hxg5 Qd8 18. f4 exf4 19. Nxf4 Bd6 20. e5 Nxe5 21. Rbe1 0-0 22. Ne6 Nf3+ 23. Qxf3 Rxf3 24. Nxd8 Rxf1+ 25. Kxf1 Rxd8 26. Re4 Bg3 27. Re7 Rf8+ 28. Kg1 Rf7 29. Re8+ Kg7 30. c3 Bf4 31. Be1 Be3+ 32. Kh1 Nxg5 33. c4 Nf3 34. Bg3 h4 35. Bd6 g5 36. Bh3 Bf4 37. Ba3 Ne5 38. Be6 Nxd3 39. Bxf7 h3 40. Re7 Kf6 41. Bh5 Nf2+ 42. Kg1 h2+ 43. Kxf2 h1Q 44. Rf7+ Ke6 45. Re7+ Kf5 46. Rf7+ Ke4 47. Re7+ Kd3 48. Be2+ Kc2 49. Bf3 Be3+ 50. Kg3 Qh4+ 51. Kg2 Qf2+ 0-1

[Event "Wch U20 53rd"]
[Site "Pune"]
[Date "2014.10.09"]
[Round "4"]
[White "Abhijith, M."]
[Black "Senthil, Maran K"]
[Result "1/2-1/2"]
[WhiteElo "2126"]
[BlackElo "2043"]
[PlyCount "101"]
[EventDate "2014.10.06"]
[EventType "swiss"]
[EventRounds "13"]
[EventCountry "IND"]
[SourceTitle "EXT 2015"]
[Source "ChessBase"]
[SourceDate "2014.11.20"]
[SourceVersion "1"]
[SourceVersionDate "2014.11.20"]
[SourceQuality "1"]

1. d4 d5 2. Nc3 Nf6 3. Bg5 Bf5 4. f3 Nbd7 5. e3 c5 6. dxc5 Qa5 7. Bxf6 exf6 8. Qxd5 Be6 9. Qd2 Bxc5 10. Ne4 Qb6 11. Nxc5 Nxc5 12. Qc1 0-0-0 13. Ne2 f5 14. Nf4 Rhe8 15. Bd3 Qb4+ 16. Kf2 g5 17. a3 Qb6 18. Nxe6 Qxe6 19. b4 Nxd3+ 20. cxd3+ Kb8 21. Qd2 f4 22. e4 Rd4 23. Rhd1 Qb3 24. Qa2 Rxd3 25. Qxb3 Rxb3 26. Ra2 Rc3 27. Rd7 Rc7 28. Rad2 Kc8 29. R7d5 h6 30. g3 fxg3+ 31. Kxg3 Rc3 32. R2d3 Rxd3 33. Rxd3 h5 34. h4 f6 35. Rd6 Rf8 36. Rd5 Rg8 37. Rf5 Rg6 38. e5 gxh4+ 39. Kxh4 fxe5 40. Rxe5 Rf6 41. Kg3 Rg6+ 42. Kf4 Rf6+ 43. Rf5 Ra6 44. Ra5 Rf6+ 45. Ke3 Rh6 46. Rxa7 h4 47. Ra8+ Kd7 48. Rg8 h3 49. Rg1 Ra6 50. Rh1 Rxa3+ 51. Ke4 1/2-1/2